000 00374nam a22001577a 4500
020 _a0-440-42813-0
082 _a823
_bBLU/F
100 _aBLUME, JUDY
245 _aFRECKLE JUICE
_bSHORT STORY
246 _aFRECKLE JUICE
_bSHORT STORY
260 _aNEW YORK
_bDELL PUBLISHING COMPANY
_c1981
300 _a47
520 _aSHORT STORY
650 _aSHORT STORY
942 _cBK
999 _c2766
_d2766